Macroeconomics

Steve Slavin’s lively and comprehensive Macroeconomics has a student-friendly, step-by-step approach; value pricing; and a built-in Workbook/Study Guide. Instructors and students like the author’s humorous anecdotes, direct language, and easy conversational style. The text encourages active rather t...

সম্পূর্ণ বিবরণ

সংরক্ষণ করুন:
গ্রন্থ-পঞ্জীর বিবরন
প্রধান লেখক: Slavin, Stephen L.
বিন্যাস: গ্রন্থ
ভাষা:Undetermined
প্রকাশিত: Boston, Mass. McGraw-Hill 2008
বিষয়গুলি:
ট্যাগগুলো: ট্যাগ যুক্ত করুন
কোনো ট্যাগ নেই, প্রথমজন হিসাবে ট্যাগ করুন!
Thư viện lưu trữ: Trung tâm Học liệu Trường Đại học Cần Thơ
LEADER 00799nam a2200193Ia 4500
001 CTU_150563
008 210402s9999 xx 000 0 und d
082 |a 339 
082 |b S631 
100 |a Slavin, Stephen L. 
245 0 |a Macroeconomics 
245 0 |c Stephen L. Slavin 
260 |a Boston, Mass. 
260 |b McGraw-Hill 
260 |c 2008 
520 |a Steve Slavin’s lively and comprehensive Macroeconomics has a student-friendly, step-by-step approach; value pricing; and a built-in Workbook/Study Guide. Instructors and students like the author’s humorous anecdotes, direct language, and easy conversational style. The text encourages active rather than passive reading. 
650 |a Macroeconomics 
904 |i Năm 
980 |a Trung tâm Học liệu Trường Đại học Cần Thơ